| 000 | 00449nam a22001337a 4500 | ||
|---|---|---|---|
| 020 | _a978-7308197441 | ||
| 040 | _cNIT (SCEE) | ||
| 082 | _a347.5109; WAN | ||
| 100 |
_aWang, Guiguo _983124 |
||
| 245 |
_aDispute resolution mechanism for the belt and road initiative/ _cGuiguo Wang; Yuk Lun Lee; Priscilla Mei-fun Leung |
||
| 260 |
_aGateway East, Singapore : _bZhejiang University Press : Springer, _c2020. |
||
| 300 | _a240p. ; | ||
| 942 |
_2ddc _cBK |
||
| 999 |
_c587864 _d587864 |
||